01645nam a22004097a 4500003000500000005001700005008004100022010000900063011000900072035000900081040000900090090001000099100003800109245011700147260004000264300003000304500001000334502010600344590003700450590004100487590004100528590004100569590004100610590004100651590004200692650003400734650003900768650002600807650003200833901000700865942000900872949004100881949004600922999001500968952012500983952012701108CHAP20220817041112.0971013s1992 r 00010 d a6428 a7400 a6623 cCHAP aTesis00aPrieto Ruiz, José Angel.991615 aEstudio de algunos factores que influyen en la propagación por estaquillas de Cupressus Guadalupensis S. Wats. aChapingo, Méx. :bEl autor,c1992 a99 h.b: ilus. ; gráfs. a62-69 aTesis (M.C. en Ciencias Forestales) -- UACH. División de Ciencias Forestales. Programa de Postgrado aALEPHb10c20130110lUCH01h1219 aBATCH-UPDb10c20130110lUCH01h0137 aBATCH-UPDb10c20130110lUCH01h1602 aBATCH-UPDb10c20130409lUCH01h2134 aBATCH-UPDb10c20130410lUCH01h0959 aBATCH-UPDb10c20130914lUCH01h1034 aCONVERSIONb10c20130109lUCH01h130514aCiprésxCrecimiento.92334814aConíferasxPropagación.92724514aEnraizamiento.93701314aPropagación de árboles. aBK cFOLL bBCcTESd-16231eTS1h25088i6623si bBCcTESd-58015eTS2fc.2h27014i6623si c6428d6428 00102local4053708TESISaBCbBCcPA_TESISd2019-12-31fTESISl0p-58015r2019-12-31 00:00:00tc.2w2019-12-31yTESIS 00102local4051708TESISaBCbBCcPA_TESISd2019-12-31fTESISl0oTesisp-16231r2019-12-31 00:00:00w2019-12-31yTESIS